000 00307nam a2200133Ia 4500
005 20251222155114.0
008 251222s9999||||xx |||||||||||||| ||spa||
082 _aETI.156
100 _aMARTINEZ Carmen.
245 0 _aEtica psiquiatrica
250 _a1ra. ed.
264 _bDescle de Braver
942 _cLIB
999 _c38171
_d38171